[Event "Match"]
[Site "www.echecsemail.com"]
[Date "2016.10.17"]
[Round "1"]
[White "Orae"]
[Black "Silent1"]
[WhiteElo "1810"]
[BlackElo "1860"]
[Result "0-1"]
[Round "1"]
1.e4 d5
2.e5 d4
3.Bf1c4 e6
4.d3 Bf8b4
5.Bc1d2 Bb4xd2
6.Qd1xd2 Bc8d7
7.Ng1f3 Bd7c6
8.Qd2f4 Qd8e7
9.Nb1d2 Bc6xf3
10.Qf4xf3 Nb8c6
11.a3 Ng8h6
12.Bc4b5 O-O
13.Bb5xc6 bxc6
14.Qf3xc6 Ra8b8
15.b4 Rb8b6
16.Qc6e4 Nh6f5
17.Nd2f3 Rf8d8
18.h4 Qe7d7
19.g4 Nf5e7
20.Nf3g5 g6
21.Qe4f3 Rd8f8
22.h5 a6
23.Qf3f6 Ne7d5
24.Qf6f3 a5
25.Ng5e4 axb4
26.axb4 Rb6xb4
 { time }
0-1

[Event "Match"]
[Site "www.echecsemail.com"]
[Date "2016.10.17"]
[Round "1"]
[White "Cernunnoss"]
[Black "Gambitmiau"]
[WhiteElo "1799"]
[BlackElo "1880"]
[Result "1-0"]
[Round "1"]
1.e4 Nb8c6
2.d4 d5
3.e5 Bc8f5
4.c3 e6
5.Ng1f3 a6
6.Bf1e2 Bf8e7
7.O-O Be7g5
8.Bc1xg5 Ng8e7
9.Nb1d2 h6
10.Bg5h4 g5
11.Bh4g3 Qd8d7
12.Qd1a4 O-O
13.Qa4d1 f6
14.Nd2b3 fxe5
15.Nf3xe5 Nc6xe5
16.Bg3xe5 Ne7g6
17.Nb3c5 Qd7c6
18.Nc5d3 Ng6xe5
19.Nd3xe5 Qc6e8
20.Be2d3 Bf5xd3
21.Qd1xd3 Rf8f5
22.Ra1e1 Qe8f8
23.Ne5g6 Qf8f6
24.Ng6e7 Qf6xe7
25.Qd3xf5 Ra8e8
26.Qf5g6 Qe7g7
27.Qg6xe8 { resign }
1-0

[Event "Match"]
[Site "www.echecsemail.com"]
[Date "2016.10.17"]
[Round "1"]
[White "Osvalazo"]
[Black "Jjmcbride"]
[WhiteElo "1690"]
[BlackElo "1340"]
[Result "1-0"]
[Round "1"]
1.e4 Ng8f6
2.e5 Nf6d5
3.c4 Nd5f4
4.d4 g5
5.Bc1xf4 gxf4
6.Ng1f3 e6
7.Bf1d3 Bf8b4
8.Kf1 Nb8c6
9.a3 Bb4e7
10.d5 exd5
11.cxd5 Nc6b8
12.Qd1d2 Be7g5
13.Nb1c3 a6
14.Nc3e4 h6
15.Ra1c1 d6
16.Qd2c3 Kd7
17.Nf3xg5 Qd8e7
18.Qc3xc7 Ke8
19.Qc7xc8 Qe7d8
20.Qc8f5 hxg5
21.Rc1c8 Nb8d7
22.Rc8xd8 Ra8xd8
23.Ne4xd6 Ke7
24.Qf5xg5 f6
25.Nd6f5 Ke8
{ time. }
1-0

[Event "Match"]
[Site "www.echecsemail.com"]
[Date "2016.10.17"]
[Round "1"]
[White "Glenno"]
[Black "Joseph1983"]
[WhiteElo "2360"]
[BlackElo "2090"]
[Result "0-1"]
[Round "1"]
1.e4 c5
2.Ng1f3 d6
3.d4 cxd4
4.Nf3xd4 Ng8f6
5.Nb1c3 a6
6.Bc1g5 e6
7.f4 Nb8d7
8.Qd1f3 Qd8c7
9.O-O-O b5
 { time }
0-1

[Event "Match"]
[Site "www.echecsemail.com"]
[Date "2016.10.17"]
[Round "1"]
[White "Jjmcbride"]
[Black "Raulazo"]
[WhiteElo "1340"]
[BlackElo "1910"]
[Result "0-1"]
[Round "1"]
1.e4 e5
2.d3 Bf8b4
3.c3 Bb4c5
4.d4 exd4
5.cxd4 Bc5b4
6.Nb1c3 Bb4xc3
7.bxc3 Ng8f6
8.Bf1d3 O-O
9.Ng1f3 Rf8e8
10.e5 Nf6d5
11.Qd1c2 g6
12.Qc2d2 d6
13.c4 Nd5e7
14.h3 Bc8f5
15.Bd3e2 Ne7c6
16.Qd2h6 f6
17.exf6 Qd8xf6
18.Ra1b1 Qf6e7
19.Bc1e3 Bf5xb1
20.O-O Bb1e4
21.d5 Nc6d8
22.Be3g5 Qe7g7
23.Qh6h4 Nd8f7
24.Bg5f6 Qg7h6
25.Qh4g3 Nb8d7
26.Bf6g5 { time. }
0-1

[Event "Match"]
[Site "www.echecsemail.com"]
[Date "2016.10.17"]
[Round "1"]
[White "Ketchuplover"]
[Black "Iko"]
[WhiteElo "1750"]
[BlackElo "1620"]
[Result "1-0"]
[Round "1"]
1.d4 d5
2.g3 Nb8c6
3.Bf1g2 Ng8f6
4.e3 Bc8e6
5.Ng1e2 Qd8d7
6.O-O O-O-O
7.a3 g6
8.Nb1d2 Bf8h6
9.b3 g5
10.f4 gxf4
11.Ne2xf4 Bh6xf4
12.Rf1xf4 Rh8g8
13.c4 Be6g4
14.Qd1f1 Rg8g5
15.Rf4xf6 exf6
16.Qf1xf6 Qd7f5
17.Qf6xf5 Rg5xf5
18.cxd5 Nc6a5
19.e4 Rf5f6
20.e5 Rf6f5
21.Bg2e4 Rf5h5
22.b4 Na5c6
23.dxc6 bxc6
24.Bc1b2 Kb7
25.Ra1c1 Bg4d7
26.b5 Kb6
27.bxc6 Bd7e6
28.Nd2c4 Kb5
29.a4 Kb4
30.Bb2a3 Kxa4
31.Be4c2 Kb5
32.Nc4b2 Rd8xd4
33.Bc2d3 Kb6
34.Ba3c5 Ka5
35.Rc1a1 Rd4a4
36.Ra1xa4 
1-0

[Event "Tourn. n8984"]
[Site "www.chess-mail.com"]
[Date "2016.10.18"]
[Round "1"]
[White "Pariolinius"]
[Black "Cal"]
[WhiteElo "1840"]
[BlackElo "1670"]
[Result "0-1"]
[Round "1"]
1.e4 e5
2.Ng1f3 d6
3.Bf1c4 h6
4.Nb1c3 Ng8f6
5.O-O Bf8e7
6.d3 O-O
7.h3 a6
8.Bc1e3 c6
9.Qd1d2 b5
10.Bc4b3 Bc8b7
11.a3 Nb8d7
12.Ra1d1 c5
13.Qd2e2 Nf6h5
14.Nc3d5 Bb7xd5
15.Bb3xd5 Nd7f6
16.Bd5xa8 Qd8xa8
17.Nf3h4 d5
18.Nh4f5 Be7d8
19.Be3xc5 Bd8a5
20.b4 Ba5c7
21.Bc5xf8 Qa8xf8
22.Nf5g3 Nh5f4
23.Qe2g4 Nf6xg4
{ resign }
0-1

[Event "Tourn. n8940"]
[Site "www.chess-mail.com"]
[Date "2016.10.18"]
[Round "1"]
[White "Numanoid"]
[Black "Panham"]
[WhiteElo "2280"]
[BlackElo "2160"]
[Result "1-0"]
[Round "1"]
1.e4 c6
2.d4 d5
3.e5 Bc8f5
4.Ng1f3 e6
5.Bf1e2 Nb8d7
6.O-O c5
7.c4 cxd4
8.cxd5 Bf8c5
9.Nf3xd4 Nd7xe5
10.Nd4xf5 exf5
11.Be2b5 Ne5d7
12.Rf1e1 Kf8
13.Nb1c3 Qd8c7
14.Qd1f3 g6
15.Bc1f4 Bc5d6
16.Bf4xd6 Qc7xd6
17.Bb5xd7 Qd6xd7
18.Ra1d1 Kg7
19.d6 Ng8f6
20.Re1e7 Qd7d8
21.Qf3xb7 Rh8f8
22.Qb7b5 Rf8e8
23.Qb5e5 Qd8b6
24.Nc3d5 { resign }
1-0

[Event "Tourn. n8986"]
[Site "www.chess-mail.com"]
[Date "2016.10.18"]
[Round "1"]
[White "Amaya"]
[Black "Luban"]
[WhiteElo "2090"]
[BlackElo "1990"]
[Result "1-0"]
[Round "1"]
1.d4 d5
2.e3 c5
3.c3 e6
4.Bf1d3 Ng8f6
5.f4 Bf8e7
6.Ng1f3 O-O
7.O-O Nb8c6
8.Nb1d2 a6
9.Nf3e5 Bc8d7
10.a3 c4
11.Bd3c2 b5
12.g4 Nc6xe5
13.dxe5 Nf6e8
14.g5 Be7xg5
15.Qd1g4 Bg5h6
16.Nd2f3 g6
17.Nf3h4 Bh6g7
18.Rf1f3 f5
19.exf6 Ne8xf6
20.Qg4g2 Nf6e4
21.Nh4xg6 hxg6
22.Qg2xg6 Rf8f6
23.Qg6h5 Rf6h6
24.Qh5g4 Qd8h4
25.Qg4g2 Kf7
26.Bc2xe4 dxe4
27.Rf3g3 Rh6g6
28.Bc1d2 Rg6xg3
29.hxg3 Qh4h7
30.Kf2 Ra8h8
31.Ra1g1 Bd7c6
32.Ke2 Qh7h2
33.Bd2e1 Qh2xg2
34.Rg1xg2 a5
35.g4 Bg7f8
36.f5 exf5
37.gxf5 Rh8h6
38.Be1g3 Kf6
39.Bg3f4 { resign }
1-0

[Event "Tourn. n8978"]
[Site "www.chess-mail.com"]
[Date "2016.10.18"]
[Round "1"]
[White "Madz123456"]
[Black "Falcoale"]
[WhiteElo "1650"]
[BlackElo "1570"]
[Result "0-1"]
[Round "1"]
1.e4 c5
2.Nb1c3 e6
3.Ng1f3 a6
4.d4 b6
5.d5 exd5
6.Qd1xd5 Nb8c6
7.Bf1c4 Qd8e7
8.Nf3e5 Nc6xe5
9.Qd5xa8 Ne5xc4
{ time. }
0-1

[Event "Tourn. n8993"]
[Site "www.chess-mail.com"]
[Date "2016.10.18"]
[Round "1"]
[White "Iko"]
[Black "Vasylpuzanov"]
[WhiteElo "1680"]
[BlackElo "1710"]
[Result "1-0"]
[Round "1"]
1.e4 e5
2.Ng1f3 Nb8c6
3.Bf1b5 a6
4.Bb5xc6 dxc6
5.Nf3xe5 Qd8d4
6.Ne5f3 Qd4xe4
7.Qd1e2 Qe4xe2
{ time. }
1-0

[Event "Tourn. n8965"]
[Site "www.chess-mail.com"]
[Date "2016.10.18"]
[Round "1"]
[White "Attatroll"]
[Black "Vasylpuzanov"]
[WhiteElo "1850"]
[BlackElo "1740"]
[Result "1-0"]
[Round "1"]
1.e4 e5
2.f4 d5
3.exd5 e4
4.Nb1c3 Ng8f6
5.d3 exd3
6.Qd1xd3 Bf8c5
7.Ng1e2 O-O
8.Bc1d2 Rf8e8
9.O-O-O Bc8g4
10.h3 Bg4xe2
11.Bf1xe2 Nb8d7
12.Be2f3 a6
13.Rh1e1 b5
14.Nc3e4 Bc5b6
15.Bd2c3 Nf6xe4
16.Bf3xe4 h6
17.d6 cxd6
{ time. }
1-0

[Event "Tourn. n8978"]
[Site "www.chess-mail.com"]
[Date "2016.10.18"]
[Round "1"]
[White "Redabond"]
[Black "Madz123456"]
[WhiteElo "1680"]
[BlackElo "1650"]
[Result "1-0"]
[Round "1"]
1.d4 e6
2.Bc1f4 c5
3.dxc5 Bf8xc5
4.Nb1c3 Nb8c6
5.Nc3b5 e5
6.Bf4g3 Qd8a5
7.Nb5c3 Bc5a3
8.bxa3 Qa5xc3
9.Qd1d2 Qc3xa1
10.Qd2d1 Qa1b2
11.e4 f5
12.exf5 d5
13.Qd1xd5 { time. }
1-0

[Event "Tourn. n8952"]
[Site "www.chess-mail.com"]
[Date "2016.10.18"]
[Round "1"]
[White "Cal"]
[Black "Vasylpuzanov"]
[WhiteElo "1700"]
[BlackElo "1790"]
[Result "1-0"]
[Round "1"]
1.d4 Ng8f6
2.Nb1c3 d5
3.h3 Bc8f5
4.Ng1f3 e6
5.a3 c5
6.Bc1g5 Nb8d7
7.Bg5h4 cxd4
8.Nf3xd4 Bf5g6
9.e3 Bf8e7
10.Bh4xf6 Be7xf6
11.Bf1b5 O-O
12.O-O a6
13.Bb5xd7 Qd8xd7
14.b4 Ra8c8
15.f4 Rc8xc3
16.Qd1d2 Bf6xd4
17.exd4 Rc3xc2
18.Qd2e3 Rf8c8
19.a4 Rc8c3
{ time. }
1-0

[Event "Tourn. n8978"]
[Site "www.chess-mail.com"]
[Date "2016.10.18"]
[Round "1"]
[White "Madz123456"]
[Black "Cal"]
[WhiteElo "1650"]
[BlackElo "1670"]
[Result "0-1"]
[Round "1"]
1.d4 d5
2.Ng1f3 h6
3.Bc1f4 Nb8c6
4.Nb1c3 Ng8f6
5.Nc3b5 e5
6.Nf3xe5 Bf8d6
7.e3 Bc8f5
8.Bf1d3 Bf5xd3
9.cxd3 a6
10.Nb5xd6 cxd6
{ time. }
0-1

[Event "Tourn. n8974"]
[Site "www.chess-mail.com"]
[Date "2016.10.18"]
[Round "1"]
[White "Madz123456"]
[Black "Manuelito"]
[WhiteElo "1650"]
[BlackElo "1599"]
[Result "0-1"]
[Round "1"]
1.e4 e5
2.Nb1c3 d6
3.Ng1f3 f5
4.d4 Ng8f6
5.dxe5 dxe5
6.Qd1xd8 Kxd8
7.Nf3xe5 Ke7
8.Bf1c4 fxe4
9.Ne5f7 Rh8g8
10.Nf7g5 Rg8h8
11.Bc1e3 Nb8d7
12.Ng5f7 Rh8g8
{ time. }
0-1

[Event "Tourn. n8852"]
[Site "www.chess-mail.com"]
[Date "2016.10.18"]
[Round "1"]
[White "Jackbauer"]
[Black "Ditto"]
[WhiteElo "1870"]
[BlackElo "1830"]
[Result "0-1"]
[Round "1"]
1.e4 e5
2.f4 exf4
3.Ng1f3 Nb8c6
4.a3 Bf8c5
5.d4 Bc5e7
6.Bf1c4 Ng8f6
7.Nb1c3 d6
8.d5 Nc6e5
9.Nf3xe5 dxe5
10.Bc1d2 Be7c5
11.h3 O-O
12.Qd1f3 Bc8d7
13.O-O-O a6
14.Bd2e1 b5
15.Bc4a2 Bc5d4
16.Nc3e2 Bd4b6
17.Be1f2 Bb6xf2
18.Qf3xf2 Nf6xe4
19.Qf2f3 Bd7f5
20.Ba2b1 a5
21.c3 Qd8e7
22.Bb1xe4 Bf5d7
23.d6 cxd6
24.Be4xa8 Bd7f5
25.Ba8e4 Bf5e6
26.Be4d3 Be6b3
27.Rd1e1 Qe7e6
28.g4 b4
29.Bd3f5 Qe6e7
30.Ne2d4 Bb3a4
31.h4 Qe7c7
32.Kb1 bxa3
33.b3 Qc7b6
34.Bf5xh7 Kxh7
35.Qf3e4 g6
36.Ka2 Ba4d7
37.h5 Kg7
38.h6 Kh7
39.Rh1h2 Qb6c5
40.Re1c1 exd4
41.Qe4e7 Qc5c8
42.c4 Bd7xg4
43.Qe7xd6 Bg4h5
44.Qd6xf4 Qc8d8
45.Rc1c2 d3
46.Rc2d2 Qd8d7
47.Rh2h3 Qd7xh3
48.Qf4d6 Rf8c8
49.Rd2xd3 Qh3f5
50.Rd3d2 Qf5f3
51.Qd6d7 Rc8b8
52.Qd7a4 Qf3e3
53.Rd2d7 Qe3c5
54.Rd7xf7 Kxh6
55.Qa4d7 Qc5e5
56.Rf7h7 Kg5
57.Qd7d2 Qe5f4
58.Qd2xf4 Kxf4
59.Rh7a7 Ke3
60.Ra7xa5 Kd3
61.Kxa3 Kc3
62.Ra5b5 Rb8a8
63.Rb5a5 Ra8xa5
{ resign }
0-1

[Event "Tourn. n8993"]
[Site "www.chess-mail.com"]
[Date "2016.10.18"]
[Round "1"]
[White "Vasylpuzanov"]
[Black "Albertf"]
[WhiteElo "1710"]
[BlackElo "1700"]
[Result "0-1"]
[Round "1"]
1.e4 e5
2.f4 d5
3.exd5 Qd8xd5
4.fxe5 Qd5xe5
5.Bf1e2 Bc8g4
6.d4 Qe5e4
7.Ng1f3 Nb8c6
8.Qd1d3 Bg4xf3
9.gxf3 { time. }
0-1

[Event "Tourn. n8988"]
[Site "www.chess-mail.com"]
[Date "2016.10.18"]
[Round "1"]
[White "Llcervello"]
[Black "Manuelito"]
[WhiteElo "1660"]
[BlackElo "1599"]
[Result "1-0"]
[Round "1"]
1.e4 e5
2.Ng1f3 d6
3.d3 Nb8c6
4.c3 f5
5.Bf1e2 Ng8f6
6.Qd1b3 h6
7.h3 Qd8e7
8.Nb1a3 Nc6a5
9.Qb3b5 Na5c6
10.Na3c4 a6
11.Qb5b3 fxe4
12.dxe4 Nf6xe4
13.Bc1e3 d5
14.h4 Bc8g4
15.Qb3xb7 Ra8d8
16.Qb7xc6 Qe7d7
17.Qc6xa6 c5
18.Nc4xe5 Qd7f5
19.Qa6c6 Rd8d7
20.Ra1d1 Bg4xf3
21.Ne5xf3 Qf5f6
22.Qc6a4 Ne4xc3
23.bxc3 Qf6xc3
24.Be3d2 Qc3f6
25.Be2b5 Qf6f7
26.Nf3e5 Qf7e7
27.Bb5xd7 Kd8
28.Bd2a5 { resign }
1-0

[Event "Tourn. n8981"]
[Site "www.chess-mail.com"]
[Date "2016.10.18"]
[Round "1"]
[White "Osopanda"]
[Black "Estonia"]
[WhiteElo "2030"]
[BlackElo "2060"]
[Result "0-1"]
[Round "1"]
1.Ng1f3 d5
2.c4 e6
3.cxd5 exd5
4.d4 c5
5.Nb1c3 Ng8f6
6.h3 Nb8c6
7.e3 a6
8.Bf1d3 c4
9.Bd3b1 Bf8e7
10.O-O O-O
11.a3 Bc8e6
12.Nf3g5 h6
13.Ng5xe6 fxe6
14.f4 b5
15.e4 Nf6xe4
16.Nc3xe4 dxe4
17.Bb1xe4 Ra8c8
18.Bc1e3 Nc6a5
19.Ra1c1 Na5b3
20.Rc1c3 a5
21.d5 exd5
22.Be4xd5 Kh8
23.Qd1f3 Be7c5
24.Be3xc5 Rc8xc5
25.Bd5e4 Qd8d4
26.Kh2 Nb3d2
27.Qf3e2 Nd2xf1
28.Qe2xf1 Qd4xe4
29.Rc3f3 b4
30.axb4 axb4
31.g4 c3
32.bxc3 Rc5xc3
{ resign }
0-1

[Event "Tourn. n8974"]
[Site "www.chess-mail.com"]
[Date "2016.10.18"]
[Round "1"]
[White "Madz123456"]
[Black "Cal"]
[WhiteElo "1650"]
[BlackElo "1670"]
[Result "0-1"]
[Round "1"]
1.d4 d5
2.Ng1f3 h6
3.Bc1f4 Nb8c6
4.c4 dxc4
5.Nb1c3 Ng8f6
6.e4 e6
7.a3 a6
8.Bf1xc4 Nc6a5
9.Bc4a2 c6
10.b4 Bf8xb4
{ time. }
0-1

[Event "Tourn. n8974"]
[Site "www.chess-mail.com"]
[Date "2016.10.18"]
[Round "1"]
[White "Pariolinius"]
[Black "Madz123456"]
[WhiteElo "1840"]
[BlackElo "1650"]
[Result "1-0"]
[Round "1"]
1.e4 c5
2.c3 d5
3.exd5 Qd8xd5
4.d4 Nb8c6
5.Ng1f3 cxd4
6.cxd4 Bc8g4
7.Nb1c3 Bg4xf3
8.Nc3xd5 Bf3xd1
9.Nd5c7 Kd8
10.Nc7xa8 { time. }
1-0

[Event "Tourn. n8974"]
[Site "www.chess-mail.com"]
[Date "2016.10.18"]
[Round "1"]
[White "Cal"]
[Black "Vasylpuzanov"]
[WhiteElo "1670"]
[BlackElo "1710"]
[Result "1-0"]
[Round "1"]
1.e4 e5
2.a3 Nb8c6
3.Nb1c3 Ng8f6
4.h3 Bf8c5
5.d3 d6
6.Ng1f3 O-O
7.Bc1e3 Bc5b6
8.Bf1e2 Bc8e6
9.O-O h6
10.b4 Bb6xe3
11.fxe3 Nf6d7
12.d4 exd4
{ time. }
1-0

[Event "Tourn. n8929"]
[Site "www.chess-mail.com"]
[Date "2016.10.18"]
[Round "1"]
[White "Hundegana"]
[Black "Foxy100"]
[WhiteElo "2020"]
[BlackElo "2130"]
[Result "0-1"]
[Round "1"]
1.e4 c5
2.f4 b6
3.g3 Bc8b7
4.Bf1g2 Ng8f6
5.d3 g6
6.Ng1f3 Bf8g7
7.O-O O-O
8.c4 d6
9.Nb1c3 Nb8c6
10.h3 e6
11.Rf1e1 Nc6d4
12.Nf3xd4 cxd4
13.Nc3b5 e5
14.fxe5 dxe5
15.Kh2 a6
16.Nb5a3 Nf6d7
17.Na3c2 a5
18.Re1f1 h5
19.Nc2e1 h4
20.g4 Nd7c5
21.b3 Nc5e6
22.Ne1f3 Rf8e8
23.Bc1d2 g5
24.Qd1c1 Ne6f4
25.Bd2xf4 exf4
26.Rf1f2 Bb7c6
27.Rf2c2 Ra8c8
28.Ra1b1 Qd8e7
29.Rc2e2 Qe7c7
30.Kh1 Qc7d8
31.Qc1d2 Rc8b8
32.Rb1e1 Bg7e5
33.b4 axb4
34.Qd2xb4 Qd8f6
35.c5 bxc5
36.Qb4xc5 Rb8c8
37.Qc5b4 Bc6d7
38.a4 Rc8c3
39.Re2d2 Re8a8
40.a5 Ra8b8
41.Qb4xb8 Be5xb8
42.Re1a1 Bb8a7
43.Kh2 Bd7b5
44.Bg2f1 Bb5a6
45.Kg2 Kg7
46.Kf2 Qf6c6
47.Nf3xg5 Rc3c2
48.Ng5f3 Rc2xd2
49.Nf3xd2 Qc6c2
50.Ke1 Ba6xd3
51.Bf1xd3 Qc2xd3
52.Ra1b1 Qd3xh3
53.Rb1b7 d3
54.Rb7xa7 Qh3h1
55.Kf2 Qh1h2
56.Ke1 Qh2e2

0-1

[Event "Match"]
[Site "www.echecsemail.com"]
[Date "2016.10.18"]
[Round "1"]
[White "Silent1"]
[Black "Whitekknight"]
[WhiteElo "1860"]
[BlackElo "1950"]
[Result "1-0"]
[Round "1"]
1.d4 d5
2.c4 e6
3.Nb1c3 Ng8f6
4.e3 c5
5.Ng1f3 Nb8c6
6.cxd5 Nf6xd5
7.Bf1b5 Bc8d7
8.Nc3xd5 exd5
9.Bb5xc6 Bd7xc6
10.O-O Bf8e7
11.Bc1d2 O-O
12.Rf1e1 Be7f6
13.Bd2c3 Rf8e8
14.a3 c4
15.b3 b5
16.bxc4 bxc4
17.a4 a5
18.Qd1d2 Re8e7
19.Qd2c2 Re7b7
20.Re1b1 Rb7xb1
21.Qc2xb1 Ra8b8
22.Qb1c2 Bc6d7
23.Qc2d2 Rb8a8
24.h3 Bd7c6
25.Qd2c2 Qd8d7
26.Qc2d2 Qd7c7
27.Nf3h2 Bc6d7
28.Qd2e2 Ra8e8
29.Qe2d2 Bd7f5
30.Bc3xa5 Qc7b7
31.Nh2f1 Bf5d3
32.Nf1h2 Re8a8
33.Ba5b4 Bf6d8
34.Bb4c5 Bd8b6
35.Qd2b4 Ra8b8
36.Bc5xb6 Qb7xb6
37.Qb4xb6 Rb8xb6
38.a5 Rb6b8
39.Nh2f3 Rb8a8
40.Nf3e5 Bd3f5
41.Ne5c6 Bf5e6
42.a6 Kf8
43.a7 Be6d7
44.Nc6b4 c3
45.Nb4xd5 c2
46.Nd5b4 c1Q
47.Ra1xc1 Ra8xa7
48.Nb4d3 Bd7f5
49.Nd3c5 Ke7
50.Nc5b3 Ra7b7
51.Nb3c5 Rb7b5
52.Kh2 Kd6
53.Nc5a4 Bf5d7
54.Rc1c5 Rb5b1
55.Na4c3 Rb1c1
56.Nc3e4 Ke7
57.Rc5xc1 { resign }
1-0

[Event "Match"]
[Site "www.echecsemail.com"]
[Date "2016.10.18"]
[Round "1"]
[White "Pariolinius"]
[Black "Sonny1000"]
[WhiteElo "1840"]
[BlackElo "1360"]
[Result "1-0"]
[Round "1"]
1.e4 e5
2.f4 Nb8c6
3.Ng1f3 Bf8d6
4.Bf1c4 Bd6c5
5.Nb1c3 exf4
6.d3 Nc6a5
7.Bc4b5 c6
8.Bb5a4 Ng8f6
9.Bc1xf4 Nf6g4
10.d4 Bc5b6
11.Qd1d2 Na5c4
12.Qd2c1 Ng4e3
13.Bf4xe3 Qd8e7
14.Ba4b3 d5
15.e5 Nc4xe3
16.Qc1xe3 Qe7e6
17.O-O-O Qe6g4
18.Rh1g1 Qg4g6
19.h3 f6
20.exf6 Kf7
21.Qe3e7 Kg8
22.Nf3e5 Qg6g5
23.Kb1 h6
24.f7 Kh7
25.f8N Rh8xf8
26.Qe7xf8 a6
27.Nc3e4 dxe4
28.Qf8g8 { resign }
1-0

[Event "Match"]
[Site "www.echecsemail.com"]
[Date "2016.10.18"]
[Round "1"]
[White "Iko"]
[Black "Coraza"]
[WhiteElo "1620"]
[BlackElo "1790"]
[Result "0-1"]
[Round "1"]
1.e4 e5
2.Ng1f3 Nb8c6
3.b3 d6
4.Bf1b5 Bc8d7
5.O-O Nc6d4
6.Bb5xd7 Qd8xd7
7.c3 Nd4xf3
8.Qd1xf3 Ng8f6
9.d4 O-O-O
10.Rf1d1 Rd8e8
11.dxe5 Qd7g4
12.exf6 Re8xe4
13.Qf3xg4 Re4xg4
14.h3 Rg4g6
15.fxg7 Bf8xg7
16.Rd1d2 Rh8e8
17.Nb1a3 Re8e4
18.Bc1b2 Bg7h6
19.c4 Bh6xd2
20.f3 Re4e2
21.g4 Bd2e3
22.Kf1 Re2xb2
23.Ra1e1 Rb2f2
24.Kg1 Rf2xa2
25.Re1xe3 Ra2xa3
26.h4 Ra3a1
27.Kg2 Ra1a2
28.Kg3 Kd7
29.h5 Rg6e6
30.Re3d3 Re6e2
31.f4 Re2g2
32.Kf3 c5
33.Rd3e3 f5
34.gxf5 Ra2f2
35.Ke4 Rg2g4
36.Kd5 Rg4xf4
37.Re3e6 Rf2d2

0-1

[Event "Match"]
[Site "www.echecsemail.com"]
[Date "2016.10.18"]
[Round "1"]
[White "Llord"]
[Black "Manuelito"]
[WhiteElo "1890"]
[BlackElo "1599"]
[Result "1-0"]
[Round "1"]
1.e4 e5
2.Ng1f3 d6
3.Nb1c3 Nb8c6
4.Bf1b5 a6
5.Bb5a4 b5
6.Ba4b3 Bc8b7
7.Bb3d5 Ng8f6
8.d3 Nf6xd5
9.Nc3xd5 Nc6d4
10.Nf3xd4 exd4
11.O-O c5
12.Qd1f3 Bb7xd5
13.exd5 h6
14.Rf1e1 Bf8e7
15.Qf3g3 Kd7
16.Qg3xg7 Qd8g8
17.Qg7xg8 Rh8xg8
18.Bc1xh6 Rg8h8
19.Bh6f4 Ra8e8
20.h3 Be7d8
21.Re1xe8 Rh8xe8
22.Kf1 f5
23.c3 dxc3
24.bxc3 Bd8f6
25.Ra1c1 c4
26.d4 a5
27.a3 a4
28.Rc1b1 Re8b8
29.g4 fxg4
30.hxg4 Rb8g8
31.Rb1xb5 Rg8xg4
32.Bf4e3 Rg4g8
33.Rb5b4 Rg8g5
34.Rb4xc4 Rg5xd5
35.Rc4xa4 Kc6
36.c4 Rd5h5
37.Ra4a6 Kc7
38.c5 Rh5d5
39.cxd6 Rd5xd6
40.Ra6xd6 Kxd6
41.d5 Kxd5
42.a4 Bf6d8
43.Be3d2 Ke4
44.a5 Kd3
45.a6 Bd8b6
46.Bd2e3 Bb6xe3
47.fxe3 Kxe3
48.a7 { resign }
1-0

[Event "Match"]
[Site "www.echecsemail.com"]
[Date "2016.10.18"]
[Round "1"]
[White "Manuelito"]
[Black "Whitekknight"]
[WhiteElo "1599"]
[BlackElo "1980"]
[Result "0-1"]
[Round "1"]
1.d4 d5
2.e3 Bc8f5
3.Ng1f3 Ng8f6
4.c4 e6
5.Nb1c3 Nb8d7
6.Bf1e2 c5
7.O-O Bf8e7
8.cxd5 exd5
9.dxc5 Be7xc5
10.a3 a5
11.Nc3b5 O-O
12.Bc1d2 Qd8b6
13.a4 h6
14.Bd2c3 Qb6c6
15.Ra1c1 b6
16.Be2d3 Bf5e6
17.Nf3e5 Nd7xe5
18.Bd3e2 Ne5d7
19.Be2f3 Be6f5
20.Rf1e1 Nf6e4
21.Bc3d4 Qc6g6
22.g3 Rf8c8
23.Re1e2 Qg6e6
24.Re2c2 Qe6e7
25.Bd4xc5 Nd7xc5
26.Qd1xd5 Bf5e6
27.Qd5d1 Be6b3
28.Bf3xe4 Qe7xe4
29.Nb5d6 Bb3xc2
30.Qd1xc2 Qe4xc2
31.Rc1xc2 Rc8d8
32.Nd6b5 Nc5xa4
33.b3 Na4c5
34.b4 axb4
35.Rc2b2 Nc5d3
36.Rb2b3 Ra8a5
37.Nb5d4 Ra5a1
38.Kg2 Nd3e1
39.Kh3 Ra1a4
40.Kg4 Rd8d5
41.f4 h5
42.Kh4 g6
43.Nd4c6 Rd5b5
44.e4 f6
45.e5 fxe5
46.fxe5 Ra4a3
47.Rb3xb4 Rb5xb4
48.Nc6xb4 Ra3a4
49.Kg5 Ra4xb4
50.Kxg6 Rb4e4
51.Kf6 Kf8
52.e6 Ne1f3
{ resign }
0-1

[Event "Match"]
[Site "www.echecsemail.com"]
[Date "2016.10.18"]
[Round "1"]
[White "Sonny1000"]
[Black "Llord"]
[WhiteElo "1360"]
[BlackElo "1860"]
[Result "0-1"]
[Round "1"]
1.e4 e5
2.Nb1c3 Ng8f6
3.Ng1f3 Nb8c6
4.Bf1b5 a6
5.Bb5xc6 dxc6
6.Nf3xe5 Bf8d6
7.Ne5c4 O-O
8.e5 Bd6c5
9.h4 Nf6g4
10.f3 Ng4f2
11.Qd1e2 Nf2xh1
12.Nc3e4 Qd8xh4
13.Kf1 f5
14.Nc4e3 fxe4
15.Qe2c4 Kh8
16.Ne3d1 Nh1g3
17.Ke1 Qh4h1
{ resign }
0-1

[Event "Match"]
[Site "www.echecsemail.com"]
[Date "2016.10.18"]
[Round "1"]
[White "Ranjachess"]
[Black "Prize640"]
[WhiteElo "1770"]
[BlackElo "1799"]
[Result "0-1"]
[Round "1"]
1.d4 Ng8f6
2.Nb1c3 d5
3.Bc1f4 Bc8f5
4.e3 h6
5.Bf1d3 Bf5xd3
6.Qd1xd3 c6
7.f3 Qd8b6
8.O-O-O e6
9.e4 Nb8a6
10.a3 Bf8e7
11.e5 Nf6d7
12.Ng1e2 c5
13.Qd3b5 Na6c7
14.Qb5xb6 Nd7xb6
15.a4 Nb6c4
16.Nc3b5 Nc7xb5
17.axb5 a6
18.b3 Nc4a3
19.b6 c4
20.Kb2 cxb3
21.cxb3 Ra8c8
22.Rd1c1 Kd7
23.Rc1c3 Na3b5
24.Rc3c2 Rc8xc2
25.Kxc2 Rh8c8
26.Kb2 Rc8c6
27.Bf4d2 Rc6xb6
28.b4 Rb6c6
29.Kb3 Nb5a7
30.g4 Na7c8
31.h4 Nc8b6
32.g5 hxg5
33.Bd2xg5 Nb6c4
34.Ne2c3 Be7xg5
35.hxg5 Nc4d2
36.Ka3 Rc6xc3
37.Kb2 Rc3xf3
38.Kc2 Nd2e4
39.Rh1h7 g6
40.Rh7h2 Rf3f2
41.Rh2xf2 Ne4xf2
42.Kb3 Nf2e4
43.Ka4 Kc6
44.Ka5 Ne4xg5
45.Ka4 Ng5f3
46.Kb3 Nf3xd4
47.Kc3 Nd4f3
48.Kd3 Nf3xe5
49.Kd4 f6
50.Ke3 Kb5
51.Kd4 Kxb4
52.Ke3 a5
53.Kd2 Kb3
54.Kc1 g5
55.Kb1 Ne5d3
56.Ka1 g4
57.Kb1 g3
58.Ka1 g2
59.Kb1 g1Q

0-1

[Event "1/64 Finale"]
[Site "www.chess-mail.com"]
[Date "2016.10.18"]
[Round "1"]
[White "Bronstein70"]
[Black "Sportuga"]
[WhiteElo "1939"]
[BlackElo "2139"]
[Result "1-0"]
[Round "1"]
1.e4 c6
2.d3 Ng8f6
3.Nb1d2 d6
4.Ng1f3 e5
5.g3 Bf8e7
6.Bf1g2 Bc8g4
7.O-O O-O
8.Qd1e2 Qd8c8
9.c3 h6
10.d4 exd4
11.cxd4 Rf8e8
12.Rf1e1 Be7d8
13.Qe2d3 Nb8a6
14.a3 Na6c7
15.b3 Bg4h3
16.Bc1b2 Bh3xg2
17.Kxg2 Qc8d7
18.Ra1c1 Ra8c8
19.b4 d5
20.e5 Nf6h7
21.Nd2b3 Nc7e6
22.Nb3c5 Qd7e7
23.Nf3h4 Nh7f8
24.Nc5xe6 Qe7xe6
25.Nh4f5 Bd8c7
26.Qd3f3 Qe6g6
27.b5 Bc7b8
28.bxc6 bxc6
29.h4 Nf8d7
30.h5 Qg6g5
31.Rc1c2 g6
32.hxg6 fxg6
33.Nf5h4 Re8f8
34.Qf3d1 Nd7b6
35.Bb2c1 Qg5h5
36.Qd1d3 Kg7
37.Re1h1 { resign }
1-0

[Event "1/16 Finale"]
[Site "www.chess-mail.com"]
[Date "2016.10.18"]
[Round "1"]
[White "Paaliaq"]
[Black "Conde7"]
[WhiteElo "2590"]
[BlackElo "2870"]
[Result "1/2-1/2"]
[Round "1"]
1.e4 e5
2.Ng1f3 Nb8c6
3.d4 exd4
4.Nf3xd4 Ng8f6
5.Nd4xc6 bxc6
6.e5 Qd8e7
7.Qd1e2 Nf6d5
8.c4 Bc8a6
9.g3 g6
10.b3 Bf8g7
11.Bc1b2 O-O
12.Bf1h3 f6
13.Qe2d2 fxe5
14.O-O e4
15.Bb2xg7 Qe7xg7
16.Nb1a3 Nd5b6
17.Ra1c1 Ra8e8
18.Bh3g2 Re8e5
19.Na3c2 Ba6b7
20.Nc2e3 d6
21.c5 Nb6c8
22.cxd6 cxd6
23.Ne3c4 Re5e6
24.f4 Nc8e7
25.Nc4xd6 Rf8d8
26.Qd2b4 Rd8xd6
27.Qb4xb7 Qg7d4
28.Rf1f2 Ne7f5
29.Bg2h3 h5
30.Qb7a6 Kf7
31.Qa6e2 e3
32.Rf2f1 Qd4d2
33.Rc1c2 Qd2d5
34.Rc2c1 Nf5d4
35.Bh3xe6 Rd6xe6
36.Qe2c4 Qd5e4
37.f5 gxf5
38.Rf1f4 Nd4f3
39.Kh1 Qe4xc4
40.bxc4 e2
41.Rf4xf3 e1Q
42.Rc1xe1 Re6xe1
43.Kg2 Ke6
44.Rf3a3 Re1e4
45.Ra3xa7 Re4xc4
46.Kf3 h4
{ draw }
1/2-1/2

[Event "Fast Game"]
[Site "www.echecsemail.com"]
[Date "2016.10.18"]
[Round "1"]
[White "Attatroll"]
[Black "Hennie4820"]
[WhiteElo "1870"]
[BlackElo "1690"]
[Result "1/2-1/2"]
[Round "1"]
1.e4 c5
2.Nb1c3 Nb8c6
3.g4 e6
4.Bf1g2 Ng8e7
5.d3 Ne7g6
6.h3 e5
7.Ng1e2 Nc6d4
8.Ne2xd4 cxd4
9.Nc3e2 b6
10.O-O Bc8b7
11.f4 f6
12.Ne2g3 d6
13.f5 Ng6h4
14.g5 { draw }
1/2-1/2

[Event "Tourn. n9012"]
[Site "www.chess-mail.com"]
[Date "2016.10.19"]
[Round "1"]
[White "Bojan"]
[Black "Malbertan"]
[WhiteElo "1900"]
[BlackElo "2010"]
[Result "0-1"]
[Round "1"]
1.d4 Ng8f6
2.c4 e5
3.dxe5 Nf6e4
4.Qd1d4 Bf8b4
5.Kd1 f5
6.f3 Bb4c5
7.Qd4d5 c6
8.fxe4 cxd5
9.exd5 Bc5d4
10.Ng1f3 Qd8b6
11.Kc2 Nb8a6
12.a3 Qb6c5
13.Kd3 b5
14.Nb1d2 bxc4
15.Nd2xc4 Qc5xd5
16.Nf3xd4 Na6c5
17.Kc3 Nc5e4
18.Kd3 Ne4f2
19.Kc3 Bc8a6
20.Nc4d6 Kd8
21.Bc1g5 Kc7
22.e3 Nf2xh1
23.Bf1xa6 Qd5a5
24.b4 Qa5xa6
25.Nd6b5 Kb6
26.Ra1xh1 Ra8c8
27.Kb3 Qa6b7
28.Bg5f4 Qb7d5
29.Kb2 Qd5xg2
30.Kb3 Qg2xh1
31.a4 Qh1b1
32.Ka3 Qb1a1
33.Kb3 a5
34.bxa5 Kxa5
35.Nb5a3 Rc8c3
{ resign }
0-1